[Event "PRO League KO Stage"]
[Site "Chess.com INT"]
[Date "2018.03.13"]
[Round "1"]
[White "Kiewra, Keaton F"]
[Black "Izzat, Kanan Azar"]
[Result "1/2-1/2"]
[WhiteElo "2374"]
[BlackElo "2484"]
[PlyCount "121"]
[EventDate "2018.03.13"]
[EventType "team-k.o. (rapid)"]
[EventRounds "4"]
[EventCountry "USA"]
[SourceTitle "CBM 183 Extra"]
[Source "ChessBase"]
[SourceDate "2018.04.19"]
[SourceVersion "1"]
[SourceVersionDate "2018.04.19"]
[SourceQuality "1"]
[WhiteTeam "San Diego Surfers"]
[BlackTeam "Australia Kangaroos"]
[WhiteTeamCountry "USA"]
[BlackTeamCountry "AUS"]

1. d4 Nf6 2. Bg5 d5 3. e3 c5 4. Nd2 Nc6 5. c3 e6 6. Bd3 Be7 7. f4 Nd7 8. Bxe7 Qxe7 9. Ngf3 f5 10. 0-0 0-0 11. c4 Nf6 12. Rc1 cxd4 13. exd4 Ne4 14. c5 Bd7 15. Qe2 Be8 16. Qe3 Bh5 17. Bxe4 fxe4 18. Ne5 Rac8 19. Nxc6 Rxc6 20. b4 Ra6 21. a3 Be8 22. Rc3 Bb5 23. Rf2 Qe8 24. g4 Qg6 25. h3 Qf6 26. Kg2 Rc6 27. Nf1 a5 28. bxa5 Qd8 29. Nh2 Qxa5 30. g5 Bd3 31. Rb3 b6 32. cxb6 Rxb6 33. Rxb6 Qxb6 34. Ng4 Ra8 35. Qc1 e3 36. Qxe3 Be4+ 37. Kh2 Qb1 38. Re2 Rb8 39. Qc3 Qh1+ 40. Kg3 Qd1 41. Rb2 Rf8 42. Rb7 Qg1+ 43. Kh4 h6 44. gxh6 gxh6 45. Qg3 Qxg3+ 46. Kxg3 Ra8 47. Nf6+ Kf8 48. Rb3 Ra4 49. Nxe4 dxe4 50. Kf2 Rxd4 51. Ke3 Ra4 52. Rb6 Rxa3+ 53. Kxe4 Rxh3 54. Rxe6 Kf7 55. Ra6 Rh1 56. Kf5 Rh5+ 57. Ke4 Rb5 58. Rxh6 Rb4+ 59. Kf5 Rb5+ 60. Kg4 Ra5 61. Rb6 1/2-1/2

[Event "PRO League Stage"]
[Site "Chess.com INT"]
[Date "2018.01.25"]
[Round "2"]
[White "Mamedov, Rauf"]
[Black "Izzat, Kanan Azar"]
[Result "1-0"]
[WhiteElo "2709"]
[BlackElo "2487"]
[PlyCount "59"]
[EventDate "2018.01.18"]
[EventType "team-swiss (rapid)"]
[EventRounds "9"]
[EventCountry "USA"]
[SourceTitle "CBM 182 Extra"]
[Source "ChessBase"]
[SourceDate "2018.02.23"]
[SourceVersion "1"]
[SourceVersionDate "2018.02.23"]
[SourceQuality "1"]
[WhiteTeam "San Jose Hackers"]
[BlackTeam "Australia Kangaroos"]
[WhiteTeamCountry "USA"]
[BlackTeamCountry "AUS"]

1. e4 c5 2. Nc3 Nc6 3. g3 g6 4. Bg2 Bg7 5. f4 d6 6. Nf3 Nf6 7. d3 0-0 8. 0-0 Rb8 9. a4 a6 10. h3 b5 11. axb5 axb5 12. Kh2 Nd4 13. Nxd4 cxd4 14. Ne2 Nd7 15. f5 b4 16. Bg5 b3 17. cxb3 Nc5 18. Ra3 Ba6 19. Rf3 d5 20. exd5 h6 21. Bd2 Bxd3 22. b4 Bxe2 23. Qxe2 Nd7 24. fxg6 fxg6 25. Qe6+ Kh7 26. Ra7 Rxf3 27. Bxf3 Qf8 28. Kg2 Ne5 29. Be4 Re8 30. Bf4 1-0

[Event "AUS-ch"]
[Site "Cammeray"]
[Date "2018.01.08"]
[Round "7"]
[White "Izzat, Kanan Azar"]
[Black "Lane, Gary William"]
[Result "1-0"]
[WhiteElo "2487"]
[BlackElo "2401"]
[PlyCount "159"]
[EventDate "2018.01.02"]
[EventType "swiss"]
[EventRounds "11"]
[EventCountry "AUS"]
[SourceTitle "CBM 182 Extra"]
[Source "ChessBase"]
[SourceDate "2018.02.23"]
[SourceVersion "1"]
[SourceVersionDate "2018.02.23"]
[SourceQuality "1"]

1. Nf3 d5 2. g3 c6 3. Bg2 Nf6 4. 0-0 Bf5 5. c4 e6 6. Qb3 Qb6 7. d3 Nbd7 8. Be3 Qxb3 9. axb3 a6 10. Nc3 Be7 11. Nd4 Bg6 12. cxd5 exd5 13. Nc2 0-0 14. b4 Ng4 15. Bd4 f5 16. f4 Rae8 17. h3 Ngf6 18. Rfe1 Bd6 19. Na4 Rf7 20. Nc5 Nf8 21. Bxf6 Bxc5+ 22. bxc5 Rxf6 23. Bf3 Ne6 24. d4 Bf7 25. e3 g5 26. Nb4 h5 27. Nd3 g4 28. Bg2 Nd8 29. Kf2 Be6 30. Rh1 Nf7 31. hxg4 hxg4 32. Ra4 Rh6 33. Re1 Bc8 34. Rb4 Kf8 35. Rb6 Ke7 36. Nc1 Kd8 37. Nb3 Kc7 38. Na5 Reh8 39. Rb3 Rh5 40. Ra1 Nh6 41. Rh1 Rxh1 42. Bxh1 Ng8 43. Bg2 Nf6 44. Rc3 Be6 45. Kg1 Ne4 46. Rb3 Bc8 47. Bxe4 fxe4 48. Kg2 Rh5 49. Rc3 Bd7 50. Rb3 Bc8 51. Rb6 Rh3 52. Nb3 Rh5 53. Nc1 Bd7 54. Ne2 Bc8 55. Nc3 Rh3 56. Rb3 Be6 57. Na4 Bf5 58. Ra3 Be6 59. Ra1 Bf5 60. Rh1 Be6 61. Rh2 Bf5 62. Rh1 Be6 63. Rc1 Bd7 64. Nc3 Rh8 65. Rh1 Rh3 66. b4 b6 67. Ra1 Bc8 68. Na4 b5 69. Nb6 Bb7 70. f5 Rh6 71. Rf1 Rf6 72. Rf4 a5 73. bxa5 b4 74. Kf2 b3 75. Na4 Bc8 76. Ke2 Rxf5 77. Rxg4 Ba6+ 78. Kd2 Rf2+ 79. Kc3 Bc4 80. Rg7+ 1-0

[Event "AUS-ch"]
[Site "Cammeray"]
[Date "2018.01.05"]
[Round "5"]
[White "Izzat, Kanan Azar"]
[Black "Loh, Zachary"]
[Result "1-0"]
[WhiteElo "2487"]
[BlackElo "2193"]
[PlyCount "53"]
[EventDate "2018.01.02"]
[EventType "swiss"]
[EventRounds "11"]
[EventCountry "AUS"]
[SourceTitle "CBM 182 Extra"]
[Source "ChessBase"]
[SourceDate "2018.02.23"]
[SourceVersion "1"]
[SourceVersionDate "2018.02.23"]
[SourceQuality "1"]

1. d4 Nf6 2. c4 g6 3. Nc3 Bg7 4. e4 d6 5. h3 0-0 6. Be3 e5 7. d5 a5 8. g4 Na6 9. Nge2 Nd7 10. Ng3 Ndc5 11. h4 c6 12. Be2 cxd5 13. cxd5 Bd7 14. Qd2 f5 15. gxf5 gxf5 16. exf5 Bxf5 17. h5 Nb4 18. Nxf5 Rxf5 19. Bxc5 dxc5 20. a3 Na6 21. h6 Bf6 22. d6 Kh8 23. Qd5 Rf4 24. Qxb7 c4 25. Nd5 Nc5 26. Qc7 Qxc7 27. dxc7 1-0